00780nam a2200265Ia 4500008004100000020001800041050000800059050001400067100002300081245002600104245002600130260002300156260004600179260000900225300001600234300002800250300001000278440002100288440001400309650002800323700001200351700001100363999001900374952012100393181129s9999 xx 000 0 und d a9789715810691 a220 bM465 1980 aMaxwell, Arthur S. 0aTrials and triumphs / 0cby Arthur S. Maxwell. aWashington, D.C. : bReview and Herald Publishing Association, c1980 a191 pages : bcolored illustrations ; c25cm. aThe bible story, vvolume 3. aBible stories, English. aSeries. aTitle. c360245d360245 001040aSSISMbSSISMcSSISMd2018-11-29l0oREL 220 M465 1980 vol 3pSSISM6039r2018-11-29 00:00:00w2018-11-29yBK